[Event "Titled Tuesday intern op 24th May Late"]
[Site "Chess.com INT"]
[Date "2022.05.24"]
[Round "6"]
[White "Ezat, Mohamed Mahmoud"]
[Black "Pershin, Denis"]
[Result "0-1"]
[WhiteElo "2391"]
[BlackElo "2397"]
[PlyCount "88"]
[EventDate "2022.05.24"]
[EventType "swiss (blitz)"]
[EventRounds "11"]
[EventCountry "USA"]
[SourceTitle "EXT 2023"]
[Source "ChessBase"]
[SourceDate "2022.10.05"]
[SourceVersion "1"]
[SourceVersionDate "2022.10.05"]
[SourceQuality "1"]

1. d4 Nf6 2. c4 e6 3. Nc3 c5 4. d5 exd5 5. cxd5 d6 6. e4 g6 7. f4 Bg7 8. Bb5+ Nfd7 9. Be2 0-0 10. Nf3 Re8 11. 0-0 a6 12. a4 Nf6 13. e5 dxe5 14. fxe5 Ng4 15. e6 fxe6 16. Bc4 h6 17. h3 Nf6 18. Ne5 exd5 19. Nxd5 Nxd5 20. Bxd5+ Kh7 21. Nf7 Qd7 22. Bf4 Bd4+ 23. Qxd4 cxd4 24. Nd6 Re7 25. Bg3 Nc6 26. Rf8 Ne5 27. Bxe5 Rxe5 28. Rf7+ Qxf7 29. Bxf7 Bd7 30. Bc4 Bc6 31. Bd3 Re6 32. Nc4 Rf8 33. Na5 Kg7 34. Rc1 Rc8 35. b4 Bd7 36. Rd1 Rc3 37. b5 axb5 38. axb5 b6 39. Nb7 Bxb5 40. Nd8 Rd6 41. Bxb5 Rxd8 42. Re1 d3 43. Re7+ Kf6 44. Rc7 Rxc7 0-1

[Event "Titled Tuesday intern op 24th May Late"]
[Site "Chess.com INT"]
[Date "2022.05.24"]
[Round "2"]
[White "Kujawski, Adam"]
[Black "Pershin, Denis"]
[Result "0-1"]
[WhiteElo "2246"]
[BlackElo "2397"]
[PlyCount "48"]
[EventDate "2022.05.24"]
[EventType "swiss (blitz)"]
[EventRounds "11"]
[EventCountry "USA"]
[SourceTitle "EXT 2023"]
[Source "ChessBase"]
[SourceDate "2022.10.05"]
[SourceVersion "1"]
[SourceVersionDate "2022.10.05"]
[SourceQuality "1"]

1. e4 d6 2. d4 Nf6 3. Nc3 g6 4. h3 Bg7 5. Nf3 0-0 6. Be3 c6 7. a4 Qa5 8. Qd2 Nbd7 9. Be2 e5 10. dxe5 Nxe5 11. 0-0 Nxf3+ 12. Bxf3 Rd8 13. Rfd1 Be6 14. Ne2 Qc7 15. Nf4 Qe7 16. Re1 Rd7 17. b3 d5 18. exd5 Nxd5 19. Nxd5 Bxd5 20. Bd4 Be6 21. c3 c5 22. Rxe6 Qxe6 23. Re1 Qd6 24. Bg4 Rdd8 0-1

[Event "RUS-chT 29th"]
[Site "Sochi"]
[Date "2022.05.10"]
[Round "7.3"]
[White "Murzin, Volodar"]
[Black "Pershin, Denis"]
[Result "1-0"]
[WhiteElo "2542"]
[BlackElo "2397"]
[PlyCount "147"]
[EventDate "2022.05.01"]
[EventType "team-tourn"]
[EventRounds "7"]
[EventCountry "RUS"]
[SourceTitle "CBM 208 Extra"]
[Source "ChessBase"]
[SourceDate "2022.07.31"]
[SourceVersion "1"]
[SourceVersionDate "2022.07.31"]
[SourceQuality "1"]
[WhiteTeam "Moscow Gogolevsky 14"]
[BlackTeam "St Petersburg SSHOR"]
[WhiteTeamCountry "RUS"]
[BlackTeamCountry "RUS"]

1. e4 c6 2. d4 d5 3. f3 Qb6 4. Nc3 dxe4 5. Nxe4 Bf5 6. Ng3 Bg6 7. f4 e6 8. Nf3 Nd7 9. c3 Bd6 10. Be2 Ne7 11. 0-0 0-0 12. Kh1 Rfd8 13. Nd2 c5 14. Nc4 Qc7 15. d5 Nf8 16. dxe6 Nxe6 17. Nxd6 Rxd6 18. Qe1 f5 19. Bc4 Bf7 20. Qe5 g6 21. Bxe6 Bxe6 22. b3 b6 23. c4 Nc6 24. Qe1 Rad8 25. Bb2 Bc8 26. Qc3 Nd4 27. Rae1 Bb7 28. Rf2 Qc6 29. Ne2 Re8 30. Nxd4 Rxd4 31. h3 Ree4 32. Rxe4 Qxe4 33. Kh2 Kf7 34. Qg3 Rd7 35. Qh4 Ke8 36. Qf6 Qe7 37. Qh8+ Qf8 38. Qe5+ Qe7 39. Qb8+ Qd8 40. Qe5+ Qe7 41. Qh8+ Qf8 42. Qc3 Be4 43. Rd2 Rxd2 44. Qxd2 Qe7 45. Qc3 Kd7 46. Qh8 Bxg2 47. Bf6 Qe4 48. Qd8+ Kc6 49. Qc8+ Kd6 50. Be5+ Ke7 51. Qc7+ Ke8 52. Qxh7 Bf1 53. Qxg6+ Ke7 54. Qd6+ Kf7 55. Qf6+ Ke8 56. Qe6+ Kf8 57. Bd6+ Kg7 58. Qxe4 fxe4 59. Bb8 e3 60. Kg3 a6 61. Ba7 e2 62. Kf2 b5 63. cxb5 axb5 64. h4 c4 65. b4 Kg6 66. Bd4 Kf5 67. h5 Kxf4 68. h6 e1Q+ 69. Kxe1 Bd3 70. a4 Kg5 71. Be3+ Kg6 72. axb5 c3 73. b6 Be4 74. Kf2 1-0

[Event "RUS-chT 29th"]
[Site "Sochi"]
[Date "2022.05.08"]
[Round "6.3"]
[White "Pershin, Denis"]
[Black "Drygalov, Sergey"]
[Result "1/2-1/2"]
[WhiteElo "2397"]
[BlackElo "2546"]
[PlyCount "71"]
[EventDate "2022.05.01"]
[EventType "team-tourn"]
[EventRounds "7"]
[EventCountry "RUS"]
[SourceTitle "CBM 208 Extra"]
[Source "ChessBase"]
[SourceDate "2022.07.31"]
[SourceVersion "1"]
[SourceVersionDate "2022.07.31"]
[SourceQuality "1"]
[WhiteTeam "St Petersburg SSHOR"]
[BlackTeam "Cheliabinsk Yuzhnyy Ural"]
[WhiteTeamCountry "RUS"]
[BlackTeamCountry "RUS"]

1. d4 d5 2. c4 c6 3. Nc3 Nf6 4. Nf3 e6 5. e3 Nbd7 6. Qc2 Bd6 7. Bd3 dxc4 8. Bxc4 b5 9. Be2 0-0 10. 0-0 Bb7 11. Rd1 Qc7 12. Bd2 a5 13. Rac1 Rac8 14. Ne4 Nxe4 15. Qxe4 Qd8 16. Bd3 g6 17. a3 Re8 18. Be2 Ba8 19. Qb1 b4 20. axb4 axb4 21. e4 Qb6 22. Be3 Qb8 23. e5 Be7 24. Qe4 c5 25. Qf4 cxd4 26. Bxd4 Qb7 27. Bf1 Rf8 28. h4 Qe4 29. Qg3 Rxc1 30. Rxc1 h5 31. Bb5 Nb8 32. Rc7 Bd8 33. Rc4 Be7 34. Rc7 Bd8 35. Rc4 Be7 36. Rc7 1/2-1/2